• 首页
  • 本馆介绍
  • 公告通知
  • 最新文献
  • 馆藏检索
  • 电子资源
  • 读者导购
  • 参考咨询
  • 我的图书馆
  • 登录
  • 详细信息显示
  • 放入我的书架
  • 预约/预借图书
  • 作者相关作品
  • 分类相关作品
  • 丛书相关作品
  • 出版社相关作品

书目信息

  • 表格格式
  • 工作单格式
  • 卡片格式
题名:
社会主义市场经济通论
    
 
作者: 李连仲 , 李连第 著
分册:  
出版信息: 北京   中国金融出版社  1995
页数: 394页
开本: 20cm
丛书名:
单 册:
中图分类: F045.5
科图分类:
主题词: 社会主义政治经济学--市场经济
电子资源:
ISBN: 7-5049-1199-2
000 00838nam0 2200265 450
001 0100496281
005 20100705134228.0
010    @a7-5049-1199-2@dCNY11.80
011    @a7-5049-1199-2
100    @a20021005d1995 em y0chiy0110 ea
101 0  @achi
102    @aCN@b110000
105    @ay z 000yy
106    @ar
200 1  @a社会主义市场经济通论@9She Hui;Kuai Zhu Yi Shi Chang Jing Ji Tong Lun @f李连仲,李连第著@b专著
210    @a北京@c中国金融出版社@d1995
215    @a394页@d20cm
304    @a李连仲(1949- ),副研究员,经济学博士
304    @a李连第(1947- ),山东海阳县人,齐齐哈尔师范学院政教系副教授
606 0  @a社会主义政治经济学@x市场经济
690    @aF045.5@v3
701  0 @a李连仲@9li lian zhong@4著
701  0 @a李连第@9li lian di@4著
801  0 @aCN@bAiZhiMarc@c19950504
905    @aBZT@dF045.5@e13@f2@sF045.5/13
    
    社会主义市场经济通论/李连仲,李连第著.-北京:中国金融出版社,1995
    394页;20cm
    
    
    ISBN 7-5049-1199-2:CNY11.80
    
●
相关链接 在五车中查询图书 在当当中查询图书 在豆瓣中查询图书


正题名:社会主义市场经济通论     索取号:F045.5/13         预约/预借

序号 登录号 条形码 馆藏地/架位号 状态 备注
1 2000144046   2000144046   旧书回溯/ [索取号:F045.5/13] 在馆    
2 2000144260   2000144260   旧书回溯/ [索取号:F045.5/13] 在馆    
山东省滨州职业学院图书馆 欢迎您!
大连网信软件有限公司© 版权所有